Introducción general a la Biblia
Guardat en:
| Autor principal: | |
|---|---|
| Format: | Llibre |
| Idioma: | espanyol |
| Publicat: |
Madrid
Palabra
2004
|
| Col·lecció: | Pelícano
|
| Matèries: | |
| Etiquetes: |
Afegir etiqueta
Sense etiquetes, Sigues el primer a etiquetar aquest registre!
|
MARC
| LEADER | 00000nam a2200000 a 4500 | ||
|---|---|---|---|
| 001 | UCK6485 | ||
| 003 | CL-VaPUC | ||
| 005 | 20241211151832.0 | ||
| 008 | 050930e20040000SP |||||||||||||||||spa|d | ||
| 999 | |c 314769 |d 314767 | ||
| 020 | |a 8482398237 | ||
| 040 | |c Pontificia Universidad Católica de Valparaíso | ||
| 082 | 0 | 4 | |a 220.61 |b TAB |2 21 |
| 100 | |a Tábet, Miguel Ángel |e autor |9 495811 | ||
| 245 | 1 | 0 | |a Introducción general a la Biblia |
| 260 | |a Madrid |b Palabra |c 2004 | ||
| 300 | |a 534 p | ||
| 490 | 0 | |a Pelícano | |
| 583 | |a last modification |c 20050930 00:00:00 |k Rodrigo Vera | ||
| 650 | 0 | |a Biblia |x Antiguo testamento |9 870733 | |
| 650 | 0 | |a Libros sagrados |9 302904 | |
| 650 | 0 | |a Interpretación de la Biblia |9 311877 | |
| 942 | |c BK |2 ddc | ||
| 945 | |d 20050930 00:00:00 |a jcarroza | ||
| 952 | |0 0 |1 0 |4 0 |6 220_610000000000000_TAB_2004 |7 0 |8 F |9 387499 |a BIBTEO |b BIBTEO |d 2019-11-22 |i 4169298 |l 18 |o 220.61 TAB 2004 |p 4169298 |r 2025-04-04 |s 2025-04-03 |w 2019-11-22 |y BK_F |k ICR | ||